000 00842nam a2200241Ia 4500
003 OSt
005 20220923212823.0
006 a|||||r|||| 00| 0
007 ta
008 220922b |||||||| |||| 00| 0 hin d
024 _a156,120
037 _cTextual
040 _aARTS
_cARTS
_bhin
041 _2hin
_ahin
082 _aO1518,1FRO:g(P), 152K2
100 _aगुप्त, माता प्रसाद, संपा.
_9160723
245 0 _aराउेलवेल और उसकी भाषा
246 _aRāuelavel aur usakī bhāṣhā
260 _aइलाआबाद
_b मित्र प्रकाशन
_c1962
300 _a126 पृ.
_ccm.
942 _hO1518,1FRO:g(P), 152K2
_cTEXL
_2CC
999 _c311441
_d311441